| 000 | 00471nab a2200145Ia 4500 | ||
|---|---|---|---|
| 003 | ES-SlBCS | ||
| 005 | 20240306085006.0 | ||
| 008 | 140529s1979 xxu||||| |||| 00| 0 por d | ||
| 041 | _apor | ||
| 100 | 0 |
_aJuan Pablo _bII, _cPapa, Santo _913248 |
|
| 245 | 0 | 0 |
_aO Papa Joao Paulo II na Pontificia Academia de Ciências _cJUAN PABLO II |
| 600 | 0 | 0 |
_aJuan Pablo _bII, _cPapa, Santo _913248 |
| 773 | 0 |
_tPresença Filosofica _gvol. 5, nº. 4, 1979, págs. 5-13 _wRev966 |
|
| 942 | _cAR | ||
| 999 |
_c500565 _d500565 |
||